000 00615 a2200181 4500
999 _c5378
_d5378
010 _aENG-86835
020 _c595.00
_a0670999377
035 _aEN-70368
037 _bDBAD / PUB
082 1 4 _a954.11
245 1 _aJammu & Kashmir 1949-64 :
_ced. by Jawaid Alam
_bselect correspondence between Jawaharlal Nehru & Karan Singh /
260 _aNew Delhi
_bPenguin Books
_c2006
270 _a11, Community Centre, Panchsheel Park
_bNew Delhi
_e110 002
300 _axiii, 174 p.
_c23 cm (Hb)
_bB & W photos
500 _aincludaes index
700 1 _aJawaid Alam
942 _adpl
_cEN
_2ddc
_h954.11
_mJAM